Top 10 world cycling championship by year - Statistics

General Stats
  • This quiz has been taken 724 times
    667 since last reset
  • The average score is 25 of 59
Answer Stats
Rider % Correct
Julian Alaphilippe
96%
Peter Sagan
96%
Alejandro Valverde
92%
Wout van Aert
92%
Primoz Roglic
90%
Mads Pedersen
88%
Mark Cavendish
87%
Michal Kwiatkowski
87%
Rui Costa
84%
Philippe Gilbert
79%
Alexander Kristoff
75%
Romain Bardet
70%
Tom Boonen
70%
Marc Hirschi
69%
Fabian Cancellara
66%
Michael Matthews
65%
Stefan Kung
65%
Vincenzo Nibali
65%
Matteo Trentin
64%
Tom Dumoulin
61%
Thibaut Pinot
58%
Edvald Boasson Hagen
56%
Jakob Fuglsang
56%
Michael Woods
56%
Greg Van Avermaet
52%
Joaquim Rodriguez
52%
Alexey Lutsenko
51%
Michael Valgren
47%
Andre Greipel
43%
Simon Gerrans
36%
Gianni Moscon
35%
Roman Kreuziger
33%
Maximilian Schachmann
32%
Fernando Gaviria
26%
Giacomo Nizzolo
24%
Matthew Goss
24%
Ramunas Navardauskas
24%
Ben Swift
19%
John Degenkolb
19%
Oscar Freire
19%
Nacer Bouhanni
18%
Thomas Voeckler
18%
Damiano Caruso
15%
Gorka Izagirre
14%
Niki Terpstra
14%
Tyler Farrar
14%
Michael Albasini
13%
Tony Gallopin
13%
Maxim Iglinsky
12%
Andriy Grivko
11%
Matti Breschel
11%
Sergio Henao
10%
Lars Boom
8%
Borut Bozic
7%
Jurgen Roelandts
7%
Simon Clarke
7%
Allan Davis
5%
William Bonnet
5%
Romain Feillu
4%
No matching quizzes found
Score Distribution
Percent of People with Each Score
Percentile by Number Answered
Your Score History
You have not taken this quiz since the last reset